000 00235nam a22001097a 4500
999 _c261322
_d261321
020 _a9780756663131
100 _aCatherine Saunders
245 _aJoin The Rebels
260 _aU S A
_bDK Publishing
_c2010
300 _a31
942 _cBK